000 00597nam a2200229Ia 4500
003 OSt
005 20221007071231.0
006 a|||||r|||| 00| 0
007 ta
008 221006b |||||||| |||| 00| 0 eng d
024 _a46,223
037 _cTextual
040 _aFLL
_cFLL
_beng
041 _2eng
_aeng
082 _aR4, Q2
100 _aANGIER Tom Ed.
_9688376
245 0 _aEthics
_b the key thinkers
260 _aLondon
_bBloomsbury Publishing Plc UK
_c2012
300 _a265p. ix
_ccm.
942 _hR4, Q2
_cTEXL
_2CC
999 _c1142823
_d1142823